Manažeři globálních společností
Vznik nadnárodných spoločností, ktoré menia klasické usporiadanie (centrum a podriadené pobočky) na integrovanú sieť špecializovaných nezávislých jednotiek. Problém nedostatku vedúcich pracovníkov - globálnych manažérov. Typy globálnych manažérov: obchodný manažér, národný (oblastný) manažér, funkčn...
Salvato in:
| Autore principale: | |
|---|---|
| Natura: | Capitolo di libro |
| Lingua: | ceco |
| Soggetti: | |
| Tags: |
Nessun Tag, puoi essere il primo ad aggiungerne!!
|
MARC
| LEADER | 00000naa a2200000 4500 | ||
|---|---|---|---|
| 001 | r020593 | ||
| 005 | 20221205102433.5 | ||
| 041 | 0 | |a cze | |
| 044 | |a CZ | ||
| 245 | 1 | 0 | |a Manažeři globálních společností |c J. Dědina |
| 520 | |a Vznik nadnárodných spoločností, ktoré menia klasické usporiadanie (centrum a podriadené pobočky) na integrovanú sieť špecializovaných nezávislých jednotiek. Problém nedostatku vedúcich pracovníkov - globálnych manažérov. Typy globálnych manažérov: obchodný manažér, národný (oblastný) manažér, funkčný manažér. | ||
| 610 | 2 | 0 | |a manažéri |
| 610 | 2 | 0 | |a spoločnosť globálna |
| 610 | 2 | 0 | |a spoločnosti nadnárodné |
| 100 | 1 | |a Dědina, Jiří | |